| 000 | 00537nam a22001817a 4500 | ||
|---|---|---|---|
| 999 |
_c17575 _d17575 |
||
| 008 | 190326b xxu||||| |||| 00| 0 eng d | ||
| 020 | _a8184050089 | ||
| 040 |
_aKABU _cKABU |
||
| 050 |
_aPN4784 _b.S56 2006 c. 1 |
||
| 100 | _aSinghai, Rahul | ||
| 245 | _aComputer applications for journalism | ||
| 260 |
_aNew Delhi _bReference Press _c2006 |
||
| 300 | _av. 226 p. | ||
| 650 |
_aJournalism _xTechnological innovations |
||
| 650 |
_aJournalism _xData processing |
||
| 650 |
_aJournalism _xManagement |
||
| 942 |
_2lcc _cBK _hPN4784 |
||